Management thought starters : a treasury of short articles to trigger your positive thoughts

Bibliographic Details
Main Author: Batra, Promod
Other Authors: Batra, Vijay
Format: Book
Published: Petaling Jaya : Golden Books Centre , 2002
Subjects:

MARC

LEADER 00000cam a2200000 7i4500
001 0000003360
005 20050824.0
020 0 0 |a 9837204761 
090 0 0 |a 158.1   |b BAT 
100 1 0 |a Batra, Promod 
245 1 0 |a Management thought starters :   |b a treasury of short articles to trigger your positive thoughts   |c Promod Batra, Vijay Batra 
260 0 0 |a Petaling Jaya :   |b Golden Books Centre ,   |c 2002 
300 |a 495p. :   |b ill. ;   |c 22cm. 
650 0 0 |a Management 
650 0 0 |a Self-management (Psychology) 
650 0 0 |a Success 
700 1 1 |a Batra, Vijay 
999 |a 0000006296   |b Monograph   |c Open Shelf   |e Default branch